02934cam a2200493 i 450000100090000000300050000900500170001400800410003101000170007202000150008902000180010402000300012203500240015203800120017604000520018804100130024004200210025304300120027405000250028608200170031110000240032824000460035224500410039824600240043925000190046326400470048230000990052933600260062833700280065433800270068250001110070950400510082052011660087156300080203765000310204565000400207665000510211665100490216765100510221690600450226794200120231299900190232495200970234318470519NUST20210507111831.0150130s2014 cc acf b 001 0 eng  a 2014310668 a7119090232 a9787119090238 a9787119090573 (paperback) a(OCoLC)ocn894348104 aMSOHAIL aGZFbengcGZFerdadGZFdCHVBKdOCLCQdPAUdDLC1 aenghchi alccopycatalcode aa-cc---00aJQ1510b.X52513 2014 a335.4345bXI1 aXi, Jinping.95514610aXi Jinping tan zhi guo li zheng.lEnglish10aXi Jinping, The Governance of China.30aGovernance of China aFirst edition. 1aBeijing :bForeign Languages Press,c2020. avi, 650 pages, 45 unnumbered pages of plates :billustrations (some color), portraits ;c24 cm atextbtxt2rdacontent aunmediatedbn2rdamedia avolumebnc2rdacarrier aIssued also in Arabic, Chinese, French, German, Japanese, Portuguese, Russian, and Spanish simultaneously. aIncludes bibliographical references and index.1 a"As general secretary of the CPC Central Committee and president of the People's Republic of China, Xi Jinping has delivered many speeches on a broad range of issues. He has offered his thoughts, views and judgments, and answered a series of important theoretical and practical questions about the Party and the country in these changing times. His speeches embody the philosophy of the new central leadership. To respond to rising international interest and to enhance the rest of the world's understanding of the Chinese government's philosophy and its domestic and foreign policies, the State Council Information Office, the Party Literature Research Office of the CPC Central Committee and the China International Publishing Group have worked together to produce this book. The book is a compilation of Xi Jinping's major works from November 15, 2012 to June 13, 2014. It includes, speeches, talks, interviews, instructions, and correspondence for a total of 70 pieces. It also contains 45 pictures of Xi Jinping at work and in daily life with focus on the period since the 18th National Congress of the Communist Party of China in 2012"--Publisherʹs note. a111 0aNationalismzChina.955147 0aWorld politicsy21st century.98465 0aPolitical oratoryzChinay21st century.955148 0aChinaxPolitics and governmenty2002-914217 0aChinaxForeign relationsy21st century.910158 a7bcbcccopycatd3encipf20gy-gencatlg 2ddccBK c566058d566058 00102ddc4070aNITbNITd2021-05-07l0o335.4345 XIpNIT-13349r2023-01-12w2021-05-07yBK